Causality Models, Reasoning, and Inference

Salvato in:
Dettagli Bibliografici
Autore principale: Pearl, Judea
Natura: Libro
Lingua:inglese
Pubblicazione: Cambridge Cambridge University Press 2009
Edizione:2nd Edition
Soggetti:
Tags: Aggiungi Tag
Nessun Tag, puoi essere il primo ad aggiungerne!!

MARC

LEADER 00000nam a2200000 4500
001 0259333
005 20240325110634.0
020 |a 978-0-521-89560-6 
020 |a 0-521-77362-8 
041 0 |a eng 
044 |a GB 
245 1 0 |a Causality  |b Models, Reasoning, and Inference  |c Judea Pearl 
250 |a 2nd Edition 
264 1 |a Cambridge  |b Cambridge University Press  |c 2009 
300 |a 465 s. 
610 2 0 |a teórie ekonomické 
610 2 0 |a štatistika 
610 2 0 |a inteligencia umelá 
610 2 0 |a podnikanie 
610 2 0 |a vedy spoločenské 
610 2 0 |a ekonomika nová 
610 2 0 |a pravdepodobnosť 
610 2 0 |a grafy 
610 2 0 |a modely 
610 2 0 |a modely štruktúrne 
610 2 0 |a modely lineárne 
610 2 0 |a testy 
610 2 0 |a experimenty 
610 2 0 |a modelovanie ekonometrické 
610 2 0 |a kauzalita 
100 1 |a Pearl, Judea